Normal view
MARC view
Entry Personal Name
001 - CONTROL NUMBER
- control field: 51167
003 - CONTROL NUMBER IDENTIFIER
- control field: ARRUPE
005 - DATE AND TIME OF LATEST TRANSACTION
- control field: 20220405082210.0
008 - FIXED-LENGTH DATA ELEMENTS
- fixed length control field: 220405|| aca||aabn | a|a d
040 ## - CATALOGING SOURCE
- Original cataloging agency: ARRUPE
- Transcribing agency: ARRUPE
100 ## - HEADING--PERSONAL NAME
- Personal name: Zekl, Hans Günter
670 ## - SOURCE DATA FOUND
- Source citation: Work cat.: (ARRUPE)131227: Aristotle., Aristoteles' Physik :, c1987-c1988.